[Event "HUN-chT2 Barcza 1213"]
[Site "Hungary"]
[Date "2012.11.18"]
[Round "4.3"]
[White "Toth, Levente"]
[Black "Hajdu, Zoltan"]
[Result "1-0"]
[WhiteElo "2020"]
[BlackElo "1930"]
[PlyCount "39"]
[EventDate "2012.09.16"]
[EventType "team-tourn"]
[EventRounds "11"]
[EventCountry "HUN"]
[SourceTitle "EXT 2014"]
[Source "ChessBase"]
[SourceDate "2013.11.20"]
[SourceVersion "1"]
[SourceVersionDate "2013.11.20"]
[SourceQuality "1"]
[WhiteTeam "Piremon"]
[BlackTeam "Miskolc Kisbocsok"]
[WhiteTeamCountry "HUN"]
[BlackTeamCountry "HUN"]

1. e4 d6 2. d4 Nf6 3. Nc3 Nbd7 4. Nf3 e5 5. Bc4 Be7 6. 0-0 c6 7. a4 Qc7 8. a5 h6 9. h3 g5 10. Be3 Nf8 11. dxe5 dxe5 12. Nxe5 Qxe5 13. Bd4 Qf4 14. e5 Ne4 15. e6 f6 16. g3 Nxc3 17. Qh5+ Kd8 18. gxf4 Ne4 19. Rfd1 Kc7 20. f5 1-0

[Event "Eger Osz op"]
[Site "Eger"]
[Date "2009.10.25"]
[Round "7"]
[White "Gledura, Benjamin"]
[Black "Hajdu, Zoltan"]
[Result "1/2-1/2"]
[WhiteElo "2018"]
[BlackElo "1968"]
[PlyCount "27"]
[EventDate "2009.10.22"]
[EventType "swiss"]
[EventRounds "7"]
[EventCountry "HUN"]
[SourceTitle "EXT 2011"]
[Source "ChessBase"]
[SourceDate "2010.11.26"]
[SourceVersion "1"]
[SourceVersionDate "2010.11.26"]
[SourceQuality "1"]

1. e4 d6 2. d4 Nf6 3. Nc3 Nbd7 4. Bg5 h6 5. Bh4 c6 6. f4 e5 7. Nf3 Qc7 8. Bg3 Nh5 9. Qd2 Nxg3 10. hxg3 Be7 11. Rd1 exd4 12. Nxd4 Nf6 13. Be2 h5 14. Bf3 1/2-1/2

[Event "Miskolc Avas op"]
[Site "Miskolc"]
[Date "2004.08.21"]
[Round "8"]
[White "Marko, Arpad"]
[Black "Hajdu, Zoltan"]
[Result "0-1"]
[WhiteElo "2126"]
[BlackElo "1922"]
[PlyCount "86"]
[EventDate "2004.08.17"]
[EventType "swiss"]
[EventRounds "9"]
[EventCountry "HUN"]
[SourceTitle "EXT 2008"]
[Source "ChessBase"]
[SourceDate "2007.11.25"]
[SourceVersion "1"]
[SourceVersionDate "2007.11.25"]
[SourceQuality "1"]

1. e4 c5 2. Nf3 Nc6 3. d4 cxd4 4. Nxd4 Nf6 5. Nc3 e5 6. Ndb5 d6 7. Nd5 Nxd5 8. exd5 Ne7 9. Be3 a6 10. Nc3 Nf5 11. Qd2 Be7 12. a4 Nxe3 13. Qxe3 Bg5 14. Qd3 f5 15. Be2 0-0 16. 0-0 Bd7 17. Ra3 e4 18. Qc4 Rc8 19. Qb4 Rc7 20. Rb3 Bf6 21. Qxd6 Bxc3 22. bxc3 Bxa4 23. Qe6+ Kh8 24. Rb2 Re7 25. Qb6 Qxd5 26. Rd1 Qc6 27. Rd8 Rxd8 28. Qxd8+ Re8 29. Qd4 b5 30. Bh5 Rc8 31. Rb1 Bxc2 32. Rc1 Bd3 33. Qe5 Qh6 34. Ra1 Qxh5 35. Qd6 Re8 36. Qxa6 h6 37. Qc6 Rg8 38. h3 f4 39. Qe6 f3 40. g3 Qc5 41. g4 Qxc3 42. Qa2 b4 43. g5 b3 0-1

[Event "HUN-chT2 Barcza 0203"]
[Site "Hungary"]
[Date "2002.11.24"]
[Round "3"]
[White "Uzonyi, Miklos"]
[Black "Hajdu, Zoltan"]
[Result "0-1"]
[WhiteElo "1691"]
[BlackElo "1818"]
[PlyCount "101"]
[EventDate "2002.09.22"]
[EventType "team"]
[EventRounds "11"]
[EventCountry "HUN"]
[SourceTitle "EXT 2009"]
[Source "ChessBase"]
[SourceDate "2008.11.26"]
[SourceVersion "1"]
[SourceVersionDate "2008.11.26"]
[SourceQuality "1"]

1. e4 d5 2. exd5 Nf6 3. c4 e6 4. dxe6 Bxe6 5. h3 Bc5 6. Nf3 Qe7 7. Qe2 Nc6 8. d3 0-0-0 9. Be3 Rhe8 10. a3 h6 11. Nbd2 g5 12. b4 Nd4 13. Qd1 Nxf3+ 14. Nxf3 Bxe3 15. fxe3 Bxc4 16. Qc1 Bxd3 17. Bxd3 Rxd3 18. 0-0 Rxe3 19. Qc2 Nd5 20. Qf5+ Qe6 21. Nd4 Qxf5 22. Rxf5 Nf4 23. Rxf7 Ne2+ 24. Nxe2 Rxe2 25. Rh7 R2e6 26. Rf1 R8e7 27. Rh8+ Kd7 28. Rd1+ Kc6 29. a4 Re1+ 30. Rxe1 Rxe1+ 31. Kf2 Re6 32. Rh7 a6 33. Kf3 b6 34. g3 Kd6 35. h4 gxh4 36. gxh4 c5 37. bxc5+ Kxc5 38. Rf7 Kc4 39. Rf4+ Kd3 40. Kg4 b5 41. Kf5 Rb6 42. Rb4 Kc3 43. a5 Rc6 44. Rb1 Kc2 45. Rg1 b4 46. Rg2+ Kc3 47. Rg1 Kc4 48. h5 b3 49. Rb1 Kb4 50. Ke4 Rc2 51. Ra1 0-1

[Event "HUN-chT2 Barcza 0203"]
[Site "Hungary"]
[Date "2002.09.22"]
[Round "1"]
[White "Hajdu, Zoltan"]
[Black "Rabai, Sandor"]
[Result "1/2-1/2"]
[WhiteElo "1818"]
[BlackElo "2006"]
[PlyCount "120"]
[EventDate "2002.09.22"]
[EventType "team"]
[EventRounds "11"]
[EventCountry "HUN"]
[SourceTitle "EXT 2009"]
[Source "ChessBase"]
[SourceDate "2008.11.26"]
[SourceVersion "1"]
[SourceVersionDate "2008.11.26"]
[SourceQuality "1"]

1. Nf3 g6 2. e4 Bg7 3. d4 d6 4. c4 c5 5. dxc5 Qa5+ 6. Bd2 Qxc5 7. Bc3 Nf6 8. b4 Qc7 9. Nbd2 0-0 10. g3 Bg4 11. Bg2 Nc6 12. 0-0 Qd7 13. Qb3 Rac8 14. Rfe1 Bh3 15. Rad1 Bxg2 16. Kxg2 Qc7 17. Kg1 a6 18. e5 dxe5 19. Nxe5 Nxe5 20. Bxe5 Qc6 21. a4 Rfd8 22. c5 Rd5 23. Nf3 Rcd8 24. Rxd5 Qxd5 25. Qxd5 Nxd5 26. Rd1 e6 27. b5 axb5 28. axb5 Rc8 29. Rc1 f6 30. Bd6 Bf8 31. Bxf8 Kxf8 32. Kf1 Ke7 33. Ke2 Nc7 34. c6 bxc6 35. Rxc6 Kd7 36. Rb6 Nd5 37. Rb7+ Rc7 38. Rb8 Rc2+ 39. Nd2 Rc8 40. Rxc8 Kxc8 41. Kd3 Kc7 42. Nc4 e5 43. h4 Ne7 44. g4 Nd5 45. f3 Nf4+ 46. Ke4 h6 47. g5 fxg5 48. hxg5 h5 49. Nxe5 Ne6 50. f4 Nf8 51. Nxg6 Nxg6 52. f5 Ne7 53. g6 h4 54. g7 Ng8 55. Kf4 Kb6 56. Kg4 Kxb5 57. Kxh4 Kc6 58. Kg5 Kd7 59. f6 Ke6 60. Kg6 Nxf6 1/2-1/2